000
00305cam a22001097a 4500
008
180718b1978 xxu||||| |||| 00| 0 eng d
020
_a
0 10 545678 0
082
_a
K8503x42 Un3/1978
245
_a
Parliamentary pensions act 1978
260
_a
London
_b
Her Majesty's Stationery Office
_c
1978
300
_a
22+p.
999
_c
500177
_d
500177